[Event "Cambridge op"]
[Site "Cambridge"]
[Date "2023.02.16"]
[Round "4"]
[White "Brocklehurst, Andrew"]
[Black "Bonn, Thomas"]
[Result "0-1"]
[WhiteElo "1816"]
[BlackElo "2189"]
[PlyCount "62"]
[EventDate "2023.02.15"]
[EventType "swiss"]
[EventRounds "9"]
[EventCountry "ENG"]
[SourceTitle "CBM 212 Extra"]
[Source "ChessBase"]
[SourceDate "2023.03.31"]
[SourceVersion "1"]
[SourceVersionDate "2023.03.31"]
[SourceQuality "1"]

1. e4 c5 2. Nf3 d6 3. d4 cxd4 4. Nxd4 Nf6 5. Nc3 a6 6. Be3 e5 7. Nb3 Be6 8. Be2 Nbd7 9. 0-0 Be7 10. Qd2 b5 11. a3 0-0 12. Rad1 Rc8 13. Bg5 Re8 14. h3 Qc7 15. Be3 Red8 16. f3 Nb6 17. Rc1 d5 18. Nxd5 Nbxd5 19. exd5 Nxd5 20. Kh1 h6 21. g3 Bxh3 22. Rf2 Nxe3 23. Qxe3 Be6 24. Rff1 Bg5 25. f4 exf4 26. gxf4 Bd5+ 27. Kg1 Bf6 28. Kh2 Bxb2 29. Rcd1 Qxc2 30. Nd4 Bxd4 31. Rxd4 Re8 0-1

[Event "London Mindsports Blitz"]
[Site "London"]
[Date "2022.09.11"]
[Round "2.2"]
[White "Bonn, Thomas"]
[Black "Iyengar, Ilya"]
[Result "1-0"]
[WhiteElo "2132"]
[BlackElo "1853"]
[PlyCount "82"]
[EventDate "2022.09.11"]
[EventType "swiss (blitz)"]
[EventRounds "9"]
[EventCountry "ENG"]
[SourceTitle "CBM 210 Extra"]
[Source "ChessBase"]
[SourceDate "2022.11.30"]
[SourceVersion "1"]
[SourceVersionDate "2022.11.30"]
[SourceQuality "1"]

1. d4 c6 2. Nc3 d5 3. Bf4 Nf6 4. e3 Bf5 5. f3 h5 6. Bd3 Bxd3 7. Qxd3 e6 8. Nge2 Bd6 9. 0-0-0 Bxf4 10. Nxf4 Qc7 11. g3 Nbd7 12. e4 dxe4 13. Nxe4 h4 14. Rhe1 hxg3 15. hxg3 Nd5 16. Nxd5 cxd5 17. Nc3 Qxg3 18. Nxd5 Qg5+ 19. Ne3 0-0-0 20. d5 Nb6 21. Qc3+ Kb8 22. dxe6 fxe6 23. Rg1 Rxd1+ 24. Rxd1 Nd5 25. Rxd5 exd5 26. Kd2 Rh2+ 27. Kd3 Qg6+ 28. Kd4 Rh4+ 29. Ng4 Qf6+ 30. Kxd5 Qxc3 31. bxc3 Kc7 32. Ke6 Rh3 33. Ne5 Rh2 34. Kf7 Rxc2 35. Kxg7 Rxa2 36. Nd3 Ra3 37. Nf4 Kd6 38. Ne2 Ke5 39. Kg6 Ra2 40. Nd4 a5 41. Kg5 Rg2+ 1-0

[Event "Newcastle Northumbria Masters"]
[Site "Newcastle on Tyne"]
[Date "2022.08.30"]
[Round "8"]
[White "Bonn, Thomas"]
[Black "Villiers, Thomas"]
[Result "1-0"]
[WhiteElo "2181"]
[BlackElo "2170"]
[PlyCount "93"]
[EventDate "2022.08.26"]
[EventType "swiss"]
[EventRounds "9"]
[EventCountry "ENG"]
[SourceTitle "CBM 210 Extra"]
[Source "ChessBase"]
[SourceDate "2022.11.30"]
[SourceVersion "1"]
[SourceVersionDate "2022.11.30"]
[SourceQuality "1"]

1. d4 d5 2. Nf3 e6 3. c4 c5 4. cxd5 exd5 5. g3 Nc6 6. Bg2 Nf6 7. 0-0 Be7 8. dxc5 Bxc5 9. a3 0-0 10. b4 Bb6 11. Nc3 Be6 12. Na4 Bc7 13. Bb2 Ne4 14. Rc1 Rc8 15. Nd4 Re8 16. Nxc6 bxc6 17. Rxc6 Bd7 18. Rc1 Bb5 19. Re1 Qg5 20. e3 Bc4 21. Nc3 Nxf2 22. Kxf2 Bb6 23. Qf3 Re5 24. Nxd5 Rxd5 25. Qxd5 Bxd5 26. Rxc8+ Bd8 27. Rxd8+ Qxd8 28. Rd1 Qc7 29. Rxd5 Qc2+ 30. Kg1 f6 31. Bd4 Qc1+ 32. Bf1 Qxa3 33. b5 Kf7 34. Rd7+ Kg6 35. Rxa7 Qb3 36. b6 h5 37. Ra5 Qf7 38. Rb5 Qb7 39. Rb2 h4 40. Bg2 Qb8 41. gxh4 Kh5 42. b7 Kxh4 43. Rb1 g5 44. Ba7 Qxa7 45. b8Q Qxe3+ 46. Kh1 Qd3 47. Qg3+ 1-0

[Event "Newcastle Northumbria Masters"]
[Site "Newcastle on Tyne"]
[Date "2022.08.26"]
[Round "1"]
[White "Verma, Shlok"]
[Black "Bonn, Thomas"]
[Result "1/2-1/2"]
[WhiteElo "1864"]
[BlackElo "2181"]
[PlyCount "45"]
[EventDate "2022.08.26"]
[EventType "swiss"]
[EventRounds "9"]
[EventCountry "ENG"]
[SourceTitle "CBM 210 Extra"]
[Source "ChessBase"]
[SourceDate "2022.11.30"]
[SourceVersion "1"]
[SourceVersionDate "2022.11.30"]
[SourceQuality "1"]

1. d4 Nf6 2. c4 g6 3. Nc3 d5 4. Bg5 Ne4 5. Bh4 Nxc3 6. bxc3 dxc4 7. e3 Bg7 8. Bxc4 0-0 9. Nf3 c5 10. 0-0 Nc6 11. Qe2 Bf5 12. h3 Na5 13. Bd3 Bxd3 14. Qxd3 Qd7 15. Rab1 b6 16. Rfd1 cxd4 17. cxd4 Rac8 18. Bg3 Qd5 19. Qa3 Rfe8 20. Rbc1 Bf8 21. Qa4 f6 22. Re1 Qb7 23. Qb5 1/2-1/2

[Event "London Classic Weekend op 11th"]
[Site "London"]
[Date "2019.12.01"]
[Round "5"]
[White "Bonn, Thomas"]
[Black "Chapman, Terry PD"]
[Result "1/2-1/2"]
[WhiteElo "2199"]
[BlackElo "2258"]
[PlyCount "26"]
[EventDate "2019.11.29"]
[EventType "swiss"]
[EventRounds "5"]
[EventCountry "ENG"]
[SourceTitle "CBM 193 Extra"]
[Source "ChessBase"]
[SourceDate "2020.01.31"]
[SourceVersion "1"]
[SourceVersionDate "2020.01.31"]
[SourceQuality "1"]

1. d4 d6 2. c4 e5 3. Nc3 exd4 4. Qxd4 Nc6 5. Qd2 Nf6 6. Nf3 Be6 7. e3 Ne5 8. Nxe5 dxe5 9. Qc2 Be7 10. Be2 c6 11. 0-0 Qc7 12. b3 0-0 13. Bb2 Nd7 1/2-1/2

[Event "Avoine op 34th"]
[Site "Avoine"]
[Date "2019.07.23"]
[Round "4"]
[White "Bonn, Thomas"]
[Black "Abergel, Thal"]
[Result "1-0"]
[WhiteElo "2272"]
[BlackElo "2450"]
[PlyCount "55"]
[EventDate "2019.07.20"]
[EventType "swiss"]
[EventRounds "9"]
[EventCountry "FRA"]
[SourceTitle "CBM 191 Extra"]
[Source "ChessBase"]
[SourceDate "2019.09.30"]
[SourceVersion "1"]
[SourceVersionDate "2019.09.30"]
[SourceQuality "1"]

1. d4 Nf6 2. c4 b6 3. g3 Bb7 4. Nf3 e5 5. dxe5 Ng4 6. Bg2 Nxe5 7. 0-0 Nxf3+ 8. exf3 Be7 9. Nc3 0-0 10. Nd5 Bd6 11. f4 Nc6 12. Bd2 a5 13. Bc3 Bc5 14. Nf6+ gxf6 15. Qg4+ Kh8 16. Qf5 Nd4 17. Bxd4 Bxd4 18. Bxb7 Rg8 19. Bxa8 Qxa8 20. Qxd7 c5 21. Qxf7 Qf3 22. Qe6 a4 23. Rae1 Bxb2 24. Qxb6 Bd4 25. Qe6 Rb8 26. Qf5 Rd8 27. Re3 Qc6 28. Re7 1-0

[Event "Avoine op 34th"]
[Site "Avoine"]
[Date "2019.07.20"]
[Round "7"]
[White "Lemonnier, Remi"]
[Black "Bonn, Thomas"]
[Result "1-0"]
[WhiteElo "2093"]
[BlackElo "2272"]
[PlyCount "57"]
[EventDate "2019.07.20"]
[EventType "swiss"]
[EventRounds "9"]
[EventCountry "FRA"]
[SourceTitle "EXT 2020"]
[Source "ChessBase"]
[SourceDate "2019.10.17"]
[SourceVersion "1"]
[SourceVersionDate "2019.10.17"]
[SourceQuality "1"]

1. e4 e5 2. Nf3 Nc6 3. Bc4 Bc5 4. c3 Nf6 5. d3 d6 6. Bb3 a5 7. a4 Ne7 8. h3 Ng6 9. 0-0 0-0 10. d4 exd4 11. cxd4 Bb4 12. e5 dxe5 13. dxe5 Qxd1 14. Rxd1 Ne4 15. Be3 Re8 16. Rd4 Bf5 17. g4 Nc5 18. Rxb4 Bxb1 19. Rxb1 axb4 20. Bxc5 Nxe5 21. Nxe5 Rxe5 22. Bxb4 c5 23. Bc3 Re4 24. Re1 Rae8 25. Rxe4 Rxe4 26. a5 c4 27. Bc2 Re6 28. Kg2 g6 29. Kf3 1-0

[Event "Nantes op 12th"]
[Site "Nantes "]
[Date "2013.12.30"]
[Round "6"]
[White "Bonn, Thomas"]
[Black "Lagarde, Maxime"]
[Result "0-1"]
[WhiteElo "2284"]
[BlackElo "2511"]
[PlyCount "35"]
[EventDate "2013.12.27"]
[EventType "swiss"]
[EventRounds "7"]
[EventCountry "FRA"]
[SourceTitle "CBM 158 Extra"]
[Source "ChessBase"]
[SourceDate "2014.02.28"]
[SourceVersion "1"]
[SourceVersionDate "2014.02.28"]
[SourceQuality "1"]

1. e4 c5 2. Nc3 Nc6 3. Bb5 Nd4 4. Bc4 e6 5. Nge2 Nf6 6. 0-0 d6 7. d3 b5 8. Bb3 Nxb3 9. axb3 Bb7 10. Nf4 d5 11. exd5 exd5 12. d4 Be7 13. Nce2 cxd4 14. Ng3 g6 15. Re1 0-0 16. h4 Qc7 17. Re2 Rfe8 18. h5 0-1

[Event "Nantes op 12th"]
[Site "Nantes "]
[Date "2013.12.30"]
[Round "7"]
[White "Lambert, Romain"]
[Black "Bonn, Thomas"]
[Result "0-1"]
[WhiteElo "2085"]
[BlackElo "2284"]
[PlyCount "104"]
[EventDate "2013.12.27"]
[EventType "swiss"]
[EventRounds "7"]
[EventCountry "FRA"]
[SourceTitle "CBM 158 Extra"]
[Source "ChessBase"]
[SourceDate "2014.02.28"]
[SourceVersion "1"]
[SourceVersionDate "2014.02.28"]
[SourceQuality "1"]

1. d4 Nf6 2. c4 e6 3. Nc3 Bb4 4. e3 0-0 5. a3 Bxc3+ 6. bxc3 d6 7. Bd3 c5 8. Ne2 Nc6 9. 0-0 e5 10. e4 Nd7 11. Be3 b6 12. f4 f6 13. Rf3 Rf7 14. Qa4 Bb7 15. fxe5 fxe5 16. Rxf7 Kxf7 17. d5 Ne7 18. Ng3 Nf6 19. Rf1 Qe8 20. Qd1 Kg8 21. Bg5 Qg6 22. Bxf6 gxf6 23. Nh5 Rf8 24. Qf3 Bc8 25. Ng3 Qg5 26. Qf2 Ng6 27. Kh1 Nf4 28. Bc2 Rf7 29. Ne2 Ng6 30. Ng3 Nf4 31. Ne2 Nxe2 32. Qxe2 Rg7 33. Bd1 h5 34. Qf2 h4 35. Be2 Bd7 36. Bd1 Be8 37. Bc2 Rg6 38. Bd1 Kg7 39. Bc2 Rh6 40. Bd1 Bg6 41. Bc2 Bh7 42. Bd3 Qg4 43. Qe3 Rg6 44. Qf2 Kg8 45. Bc2 Rg5 46. Bd3 Bxe4 47. Bxe4 Qxe4 48. Re1 Qg4 49. Re3 Qd1+ 50. Re1 Rf5 51. Qg1 Qd3 52. Re3 Qxe3 0-1

[Event "Avoine op 25th"]
[Site "Avoine"]
[Date "2010.07.22"]
[Round "6"]
[White "Debray, Christopher"]
[Black "Bonn, Thomas"]
[Result "1-0"]
[WhiteElo "2362"]
[BlackElo "2250"]
[PlyCount "84"]
[EventDate "2010.07.17"]
[EventType "swiss"]
[EventRounds "9"]
[EventCountry "FRA"]
[SourceTitle "EXT 2011"]
[Source "ChessBase"]
[SourceDate "2010.11.26"]
[SourceVersion "1"]
[SourceVersionDate "2010.11.26"]
[SourceQuality "1"]

1. d4 Nf6 2. c4 e6 3. Nf3 Bb4+ 4. Nbd2 0-0 5. a3 Bxd2+ 6. Qxd2 d6 7. e3 Nbd7 8. Be2 Qe7 9. 0-0 e5 10. dxe5 dxe5 11. b4 e4 12. Nd4 Ne5 13. Bb2 Re8 14. Kh1 Bg4 15. f4 exf3 16. gxf3 Bh3 17. Rg1 Ng6 18. e4 Rad8 19. Qc3 Kf8 20. Bf1 Bc8 21. c5 Nh4 22. Qe1 Nh5 23. Qf2 g5 24. Bb5 Nf4 25. Qg3 h6 26. Bxe8 Rxe8 27. Rad1 Bh3 28. Rd2 Rd8 29. Qe1 Rxd4 30. Rxd4 Nxf3 31. Qd1 Nxd4 32. Qxd4 Ke8 33. c6 bxc6 34. Qh8+ Qf8 35. Qe5+ Qe7 36. Qh8+ Qf8 37. Qxf8+ Kxf8 38. Be5 Nd3 39. Rg3 Bf1 40. Bxc7 Nb2 41. Kg1 Bc4 42. Bd6+ Kg7 1-0

[Event "Avoine op 25th"]
[Site "Avoine"]
[Date "2010.07.17"]
[Round "1"]
[White "Bonn, Thomas"]
[Black "Devallee, Jeremie"]
[Result "1-0"]
[WhiteElo "2250"]
[BlackElo "1990"]
[PlyCount "63"]
[EventDate "2010.07.17"]
[EventType "swiss"]
[EventRounds "9"]
[EventCountry "FRA"]
[SourceTitle "EXT 2011"]
[Source "ChessBase"]
[SourceDate "2010.11.26"]
[SourceVersion "1"]
[SourceVersionDate "2010.11.26"]
[SourceQuality "1"]

1. e4 e6 2. d4 d5 3. Nc3 Bb4 4. e5 c5 5. Bd2 cxd4 6. Nb5 Bc5 7. Qg4 Ne7 8. Qxg7 Rg8 9. Qxh7 a6 10. b4 axb5 11. bxc5 Qc7 12. Nf3 Nbc6 13. Bxb5 Rxg2 14. Kf1 Rg4 15. Ng5 Ng6 16. h3 Rh4 17. Qg8+ Nf8 18. a4 Qe7 19. Rg1 Bd7 20. Re1 Nd8 21. Bd3 Bxa4 22. Nh7 Rxh7 23. Bxh7 Qh4 24. Qxf8+ Kd7 25. Bd3 Qxh3+ 26. Ke2 Qh5+ 27. f3 Qh2+ 28. Kf1 Qxd2 29. Qd6+ Kc8 30. Rg8 Qa5 31. Ra1 Ra7 32. Rxa4 1-0

[Event "FRA-ch Accession"]
[Site "Nimes"]
[Date "2009.08.13"]
[Round "3"]
[White "Bonn, Thomas"]
[Black "Shirazi, Kamran"]
[Result "0-1"]
[WhiteElo "2225"]
[BlackElo "2384"]
[PlyCount "61"]
[EventDate "2009.08.11"]
[EventType "swiss"]
[EventRounds "9"]
[EventCountry "FRA"]
[SourceTitle "CBM 132 Extra"]
[Source "ChessBase"]
[SourceDate "2009.11.03"]
[SourceVersion "1"]
[SourceVersionDate "2009.11.03"]
[SourceQuality "1"]

1. e4 c5 2. Nf3 e6 3. Nc3 a6 4. d4 b5 5. d5 Nf6 6. Bg5 d6 7. dxe6 Bxe6 8. a4 b4 9. Nd5 Nbd7 10. Bc4 Be7 11. 0-0 0-0 12. Re1 Bg4 13. Bf4 Nxd5 14. Bxd5 Ra7 15. a5 Bf6 16. Bxd6 Bxb2 17. Rb1 Bc3 18. Re3 Be5 19. Bxf8 Kxf8 20. h3 Bxf3 21. Rxf3 Nf6 22. Rf5 Bd4 23. Qd3 g6 24. Rf3 Qc7 25. Rd1 Qxa5 26. g4 Rd7 27. Qe2 Qb6 28. Bc4 Ke7 29. Kh1 a5 30. g5 Nh5 31. Bb3 0-1

[Event "Rochefort op 8th"]
[Site "Rochefort"]
[Date "2009.02.??"]
[Round "2"]
[White "Bonn, Thomas"]
[Black "De Lagontrie, Jean"]
[Result "1-0"]
[WhiteElo "2218"]
[BlackElo "1932"]
[PlyCount "47"]
[EventDate "2009.02.??"]
[EventType "swiss"]
[EventRounds "9"]
[EventCountry "FRA"]
[SourceTitle "EXT 2010"]
[Source "ChessBase"]
[SourceDate "2010.11.25"]
[SourceVersion "1"]
[SourceVersionDate "2010.11.25"]
[SourceQuality "1"]

1. e4 c5 2. Nc3 Nc6 3. Bb5 Nd4 4. Bc4 g6 5. Nf3 Bg7 6. 0-0 d6 7. Nxd4 cxd4 8. Ne2 Nf6 9. d3 Nd7 10. f4 0-0 11. Ng3 Nb6 12. Bb3 a5 13. a3 a4 14. Ba2 e6 15. f5 exf5 16. exf5 Ra5 17. Qf3 Bxf5 18. Qxb7 Be6 19. Bxe6 fxe6 20. Bd2 Ra8 21. Rxf8+ Bxf8 22. Rf1 Nd7 23. Qe4 Qe7 24. Qxa8 1-0

[Event "Rohde op 08th"]
[Site "Sautron"]
[Date "2008.11.01"]
[Round "9"]
[White "Bonn, Thomas"]
[Black "Colin, Vincent"]
[Result "0-1"]
[WhiteElo "2230"]
[BlackElo "2421"]
[PlyCount "64"]
[EventDate "2008.10.25"]
[EventType "swiss"]
[EventRounds "9"]
[EventCountry "FRA"]
[SourceTitle "EXT 2009"]
[Source "ChessBase"]
[SourceDate "2008.11.26"]
[SourceVersion "1"]
[SourceVersionDate "2008.11.26"]
[SourceQuality "1"]

1. e4 e5 2. Nf3 Nc6 3. Nc3 Nf6 4. d4 exd4 5. Nxd4 Bb4 6. Nxc6 bxc6 7. Bd3 d5 8. exd5 cxd5 9. 0-0 0-0 10. Bg5 c6 11. Qf3 Be7 12. h3 h6 13. Bh4 Rb8 14. Rab1 Rb4 15. Bg3 Bd6 16. a3 Rb7 17. Rfd1 Bxg3 18. Qxg3 Re8 19. b4 Rbe7 20. Kf1 Nh5 21. Qf3 Re5 22. Ne2 R8e6 23. g4 Rf6 24. Qg2 Qb6 25. Kg1 Rxe2 26. Bxe2 Nf4 27. Qf1 Nxh3+ 28. Qxh3 Rxf2 29. c4 Rxe2+ 30. c5 Qc7 31. Re1 Bxg4 32. Qh4 g5 0-1